| 000 | 01098nam a22003137a 4500 | ||
|---|---|---|---|
| 005 | 20110215113718.0 | ||
| 008 | 110215t xxu||||| |||| 00| 0 eng d | ||
| 010 | _aENG-102005 | ||
| 020 |
_a9780071070751 _c395.00 |
||
| 020 |
_a0071070753 _c395.00 |
||
| 035 | _aEN-85538 | ||
| 037 | _bDBAD/PUB | ||
| 040 |
_adpl _bEng |
||
| 082 | _a808.027 | ||
| 100 |
_aArnold, George T. _925984 |
||
| 245 |
_aMedia writer’s handbook : _cby George T. Arnold _ba guide to common writing and editing problems / |
||
| 250 | _a4th ed | ||
| 260 |
_aNew Delhi _bTata McGraw Hill _c2010 |
||
| 270 |
_a7, West Patel Nagar _bNew Delhi _e110008 |
||
| 300 |
_axviii,341, I-8p. _c23cm (pbk) |
||
| 500 | _aIncludes index | ||
| 650 |
_925980 _aJournalism _vStyle manuals. |
||
| 650 |
_925981 _aJournalism _xAuthorship. |
||
| 650 |
_925982 _aMass media _xAuthorship. |
||
| 650 | _925985 | ||
| 700 | _925983 | ||
| 942 |
_2ddc _cEN _h808.027 _mARN |
||
| 999 |
_c50561 _d50561 |
||